Od pohádky k pohádce. Mickeyho klubík /
Příběhy oblíbených hrdinů Mickeyho a Goofyho s celostránkovými ilustracemi.
| Other Authors: | Vichrová, Petra |
|---|---|
| Language: | Czech |
| Published: |
V Praze : Egmont, 2022 |
| Edition: | Druhé vydání |
| Series: |
Disney. Mickeyho klubík
Disney Junior (Egmont) Začínáme číst (Egmont) |
| Physical Description: |
62 stran : barevné ilustrace ; 24 cm |
|
| LEADER | 02240nam a2200577 i 4500 | ||
|---|---|---|---|
| 001 | nkc20223394195 | ||
| 003 | CZ PrNK | ||
| 005 | 20220405084037.0 | ||
| 007 | ta | ||
| 008 | 220207s2022 xr a b 000 j cze | ||
| 015 | |a cnb003394195 | ||
| 020 | |a 978-80-252-5190-4 |q (vázáno) : |c Kč 199,00 | ||
| 035 | |a (OCoLC)1310113662 | ||
| 040 | |a ABG001 |b cze |e rda | ||
| 041 | 1 | |a cze |h eng | |
| 072 | 7 | |a 821-93 |x Literatura pro děti a mládež (beletrie) |2 Konspekt |9 26 | |
| 080 | |a 821-32 |2 MRF | ||
| 080 | |a 821-93 |2 MRF | ||
| 080 | |a (0:82-32) |2 MRF | ||
| 245 | 0 | 0 | |a Od pohádky k pohádce. |p Mickeyho klubík / |c překlad Petra Vichrová |
| 246 | 1 | |i Název části na obálce: |a Mickey | |
| 246 | 3 | 0 | |a Mickeyho klubík |
| 250 | |a Druhé vydání | ||
| 264 | 1 | |a V Praze : |b Egmont, |c 2022 | |
| 300 | |a 62 stran : |b barevné ilustrace ; |c 24 cm | ||
| 336 | |a text |b txt |2 rdacontent | ||
| 336 | |a statický obraz |b sti |2 rdacontent | ||
| 337 | |a bez média |b n |2 rdamedia | ||
| 338 | |a svazek |b nc |2 rdacarrier | ||
| 490 | 1 | |a Disney. Mickeyho klubík | |
| 490 | 1 | |a Začínáme číst | |
| 490 | 1 | |a Disney Junior | |
| 500 | |a Přeloženo z angličtiny | ||
| 505 | 0 | 0 | |t Na farmě -- |t Goofy v říši pohádek |
| 520 | 2 | |a Příběhy oblíbených hrdinů Mickeyho a Goofyho s celostránkovými ilustracemi. |b Přečtěte si o tom, jak se Mickeymu a jeho přátelům podařilo zachránit zvířátka na farmě, když se strhla strašlivá vichřice, nebo co všechno Goofy zažil, když se vypravil do říše pohádek. Nakladatelská anotace. | |
| 655 | 7 | |a příběhy |7 fd133204 |2 czenas | |
| 655 | 7 | |a publikace pro děti |7 fd133156 |2 czenas | |
| 655 | 9 | |a stories |2 eczenas | |
| 655 | 9 | |a children's literature |2 eczenas | |
| 700 | 1 | |a Vichrová, Petra |7 ola20181002403 |4 trl | |
| 730 | 0 | 2 | |a Mickey and Donald have a farm. |l Česky |
| 730 | 0 | 2 | |a Goofy fairytale. |l Česky |
| 830 | 0 | |a Disney. |p Mickeyho klubík |0 s | |
| 830 | 0 | |a Disney Junior (Egmont) |0 s | |
| 830 | 0 | |a Začínáme číst (Egmont) |0 s | |
| 910 | 2 | |a BOA001 |b 2-1482.352 | |
| 928 | 9 | |a Albatros Media - Egmont | |
| 990 | |a BK | ||
| 995 | |a 01 | ||
| 991 | |b 202203 |c NOV | ||
| 996 | 6 | |b 2610893946 |c 2-1482.352 |l MZK |r Sklad / do 1 hodiny |n 0 |p p.v. |w 001878150 |u 000010 |a 1 |e BOA001 |j MZK50 |s P | |
English
Čeština 